[Event "SVK-ch U14"]
[Site "Stara Lubovna"]
[Date "2022.05.23"]
[Round "4"]
[White "Ammer, Erik1"]
[Black "Kurimsky, Kristian"]
[Result "1-0"]
[WhiteElo "1320"]
[BlackElo "1006"]
[PlyCount "45"]
[EventDate "2022.05.21"]
[EventType "swiss"]
[EventRounds "9"]
[EventCountry "SVK"]
[SourceTitle "CBM 208 Extra"]
[Source "ChessBase"]
[SourceDate "2022.07.31"]
[SourceVersion "1"]
[SourceVersionDate "2022.07.31"]
[SourceQuality "1"]

1. e4 e5 2. Nf3 Nc6 3. Bc4 Nf6 4. d3 Bc5 5. Nc3 d6 6. h3 Na5 7. Bb3 h6 8. Be3 Bxe3 9. fxe3 b6 10. d4 exd4 11. exd4 c5 12. d5 c4 13. Ba4+ Bd7 14. Nb5 Nxe4 15. Qe2 f5 16. Nxd6+ Kf8 17. Bxd7 Qxd7 18. Nxc4 Qxd5 19. Ne3 Qe6 20. Nd4 Qe5 21. Ndxf5 g6 22. 0-0 gxf5 23. Rxf5+ 1-0